| 000 | 00513nam a2200169Ia 4500 | ||
|---|---|---|---|
| 008 | 240729s9999 xx 000 0 und d | ||
| 022 | _a2286-0126 | ||
| 245 | 0 | _aAgroLife Scientific Journal | |
| 260 | _aRomania | ||
| 260 | _bUniversity of Agronomic Sciences and Veterinary Medicine of Bucharest | ||
| 650 | _a Agriculture (General) | Agriculture | ||
| 650 | _a Plant culture | ||
| 650 | _aAgriculture | ||
| 856 | _uhttps://doaj.org/toc/d242bf36fd7f4a50b198d44a9109a5b9 | ||
| 942 | _2ddc | ||
| 942 | _cDOAJEJ | ||
| 999 |
_c72211 _d72211 |
||
| 945 |
_a1 _bMadushi Gamage _c1 _dMadushi Gamage |
||